000 00237nam a2200097Ia 4500
001 1115346
005 20250827004025.0
008 250824s9999 xx 000 0 und d
245 0 _aKENDİN ARAMAK
_cİHSAN FAZLI OĞLU
260 _bKETEBE
999 _c1115346
_d1115346